| 000 | 01253 a2200229 4500 | ||
|---|---|---|---|
| 001 | 41384 | ||
| 005 | 20260407155708.0 | ||
| 008 | 260407a1994 arg spa d | ||
| 003 | AR-UNSa-BCEJYS | ||
| 040 |
_aAR-UNSa-BCEJYS _bspa _cAR-UNSa-BCEJYS |
||
| 080 |
_a349.22 _xRelaciones contractuales. Condiciones de empleo (Negociación colectiva...) |
||
| 245 | 1 | 0 |
_aDespidos y suspensiones _pmás de 1000 casos prácticos |
| 020 | _a950-739-284-X | ||
| 264 | 1 |
_aBuenos Aires : _bErrepar _c1994 |
|
| 300 |
_axxviii, 618 p. _c27 cm. |
||
| 505 | _a1. Terminación del contrato - 2. El despido con preaviso - 3. Despido con justa causa - 4. Injurias - 5. Despidos en contratos especiales (a plazo fijo, de temporada y eventual) - 6. Despido en la ley de empleo - 7.Despido del representante gremial - 8. Despido por maternidad, y por matrimonio - 9. Despido durante el servicio militar - 10. Despido por quiebra - 11. Despido por falta de trabajo y por fuerza mayor - 12. Renuncia - 13. Suspensiones - 14. Otras formas de terminación del contrato. Deberes de las partes - 15.Indemnizaciones - | ||
| 041 | _aspa | ||
| 942 | _cBK | ||
| 590 | _aniveau_biblio:m niveau_hierar:0 | ||
| 100 | 1 | _aCaubet, Amanda Beatriz | |
| 700 | 1 | _aFernández Madrid, Juan Carlos | |
| 999 |
_c3489 _d3489 |
||